000 00739nam a2200289Ia 4500
005 20260324134657.0
008 008 260324s9999 xx 000 0 eng d
020 _a9780203380338
037 _aEBOOK
040 _aCRL
040 _beng
040 _cCRL
041 _2eng
041 _aeng
084 _qCRL
100 _aCynthia Huffman; David Glen Mick; S. Ratneshwar
_91197731
245 4 _aThe Why of Consumption
245 0 _bContemporary Perspectives on Consumer Motives, Goals and Desires
260 _bTaylor and Francis
260 _c2001
365 _a
365 _b300
856 _uhttp://www.taylorfrancis.com/books/9780203380338
942 _cEBOOK
999 _c1798052
_d1798052